000 01967nam a22002777a 4500
999 _c1367
_d1367
003 OSt
005 20190926200208.0
008 170629b xxu||||| |||| 00| 0 esp d
040 _cDO-SdBJH
_aDO-SdBJH
_bspa
090 _aTG EGCEMC
_b00960 2015
100 1 _aTorres Núñez, Miguel E.
_esustentante
245 1 0 _aPropuesta de proyecto de seguridad para presas hidroeléctrica y autopistas eléctrica dentro de la cuarta región militar de las Fuerzas Armadas, 2015 /
_cMiguel E. Torres Núñez, asesores Ernesto Jiménez de los Santos, Rafael Antonio Quezada Pérez
260 _aSanto Domingo :
_bINSUDE,
_c2015
300 _ax, 83 páginas, ilustraciones-figuras-tablas
502 _aTesis (Especialidad en Comando y Estado Mayor Conjunto) Instituto Superior para la Defensa (INSUDE). -- Escuela de Graduados en Comando y Estado Mayor “General de División Gregorio Luperón”, 2015.
504 _aIncluye referencias bibliográficas e índices
505 _aCaracterísticas, funcionamiento, capacidades y ubicación de las presas hidroeléctricas y autopistas eléctricas. -- Vulnerabilidades de seguridad de las presas hidroeléctricas y las autopistas eléctricas. - Rol de las Fuerzas Armadas en la Seguridad Nacional. -- Rropuesta contentiva de las presas hidroeléctrica de IGEHID y las autopistas eléctricas de ETED
650 4 _aSeguridad en la proteccion-- Presas hidroeléctrica y redes eléctricas
650 4 _aSistema y procesos de seguridad y proteccion -- Hidroeléctricas y autopistas eléctricas (propuestas)
650 4 _aLas Fuerzas Armadas en la seguridad nacional
651 4 _aRepública Dominicana. Fuerzas Armadas -- 4ta. región militar
700 1 _aJiménez de los Santos, Ernesto
_easesor
700 1 _aQuezada Pérez, Rafael Antonio
_easesor
830 _aINSUDE. Escuela de Graduados en Comando y Estado Mayor “General de División Gregorio Luperón”. Tesis y disertaciones académicas
942 _2CL
_cT